LIBRARY & INFORMATION CENTRE, KCAET, TAVANUR

ONLINE PUBLIC ACCESS CATALOGUE (OPAC)

Fuel From Wastes and Weeds / (Record no. 11031)

MARC details
000 -LEADER
fixed length control field 00289cam a2200121ua 4500
082 ## - DEWEY DECIMAL CLASSIFICATION NUMBER
Classification number 662.6
Item number TYA/FU
100 ## - MAIN ENTRY--AUTHOR NAME
Personal name Tyagi, P D .
245 ## - TITLE STATEMENT
Title Fuel From Wastes and Weeds /
250 ## - EDITION STATEMENT
Edition statement 1 /
260 ## - PUBLICATION, DISTRIBUTION, ETC. (IMPRINT)
Place of publication Newdelhi :
Name of publisher Batra book service ,
Year of publication 1989.
300 ## - PHYSICAL DESCRIPTION
Number of Pages 211 ; .
942 ## - ADDED ENTRY ELEMENTS (KOHA)
Koha item type Books
Holdings
Withdrawn status Lost status Damaged status Home library Current library Date acquired Full call number Accession Number Koha item type
      KAUAET KAUAET 07/04/2012 662.6 17687 Books
free website counter